Lego Star Wars sets by Picture - Statistics

General Stats
  • This quiz has been taken 112 times
  • The average score is 10 of 14
Answer Stats
Picture Answer % Correct
AT-AT
98%
Mini TIE Fighter
98%
Millennium Falcon
97%
R2-D2
96%
Republic Gunship
81%
Super Star Destroyer
81%
Droideka
79%
Stormtrooper Mech
69%
Mos Eisley Cantina
66%
Jabba's Prize
63%
Mandalorian Helmet
62%
Tantive IV
62%
Invisible hand
57%
Clone Troopers
34%
No matching quizzes found
Score Distribution
Percent of People with Each Score
Percentile by Number Answered
Your Score History
You have not taken this quiz